000 00429nam a22001577a 4500
005 20251108170930.0
008 250721s9999 xx 000 0 ara d
082 1 4 _aط/551.4/ماء
245 1 0 _aالماء /
264 1 _aبيروت :
_bدار المعارف،
300 _a26ص : مص بالألوان
490 0 _aسلسلة المعارف للأولاد
650 1 7 _aالماء
942 _2ddc
_cBK
999 _c52433
_d52433